Théorèmes et Relations - Gauss - Statistiques

Statistiques générales
  • Ce quiz a été pris 54 fois
    41 depuis la dernière actualisation
  • Le résultat moyen est 7 sur 20
Statistiques - réponses
Indice Réponse % Correct
Méthode de résolution des systèmes linéaires la plus utilisée {Pivot} de Gauss
84%
Elle modélise la densité de probabilité de la loi normale {Courbe} gaussienne
79%
Elle vaut √(π/α) {Intégrale} de Gauss
61%
div(E) = ρ/ε0 Équation de {Maxwell}-Gauss
53%
Tout polynôme non constant de C[X] possède au moins une racine Théorème de {d'Alembert}-Gauss
53%
Soient a, b et c trois entiers. Si a divise le produit bc et si a est premier avec b, alors a divise c {Lemme} de Gauss
47%
Portion de l'espace utilisée dans le calcul des champs électriques par le théorème précédent {Surface} de Gauss
47%
Le flux du champ ... sortant d'une surface fermée est égal à la la masse contenue dans cette surface multipliée par -4πG Théorème de Gauss en {Gravitation}
39%
1/M(1,√2) ≈ 0,83 {Constante} de Gauss
37%
Méthode utilisée pour calculer l'inverse d'une matrice carrée (c'est aussi un autre nom de la méthode précédente) Élimination de Gauss-{Jordan}
37%
Le flux du champ ... sortant d'une surface fermée est égal à la charge contenue dans cette surface divisée par la permittivité du vide Théorème de Gauss en {Électrostatique}
32%
1 Tesla (T) est égal à ... {10000} Gauss (Gs)
26%
En optique, elles permettent un stigmatisme approché {Conditions} de Gauss
21%
Nombre complexe dont les parties réelle et imaginaire sont ... (2 réponses possibles) {Entier / Rationnel} de Gauss
21%
Résultat d'une image filtrée par une fonction gaussienne {Flou} gaussien
21%
Méthode de résolution des problèmes de moindres carrés non linéaires Algorithme de Gauss-{Newton}
11%
Elle se note erf {Fonction d'erreur} de Gauss
11%
Parmi tous les estimateurs linéaires non-biaisés, l'estimateur par moindres carrés présente une variance minimale (BLUE) Théorème de Gauss-{Markov}
11%
Méthodes d'analyse numérique d'intégrales {Quadratures} de Gauss
5%
En optique ondulatoire, son amplitude vaut a(ω) = a0*exp(-2(ω-ωm)²/Δω²) {Spectre} gaussien
5%
Aucun quiz correspondant
Distribution des résultats
% des personnes avec chaque résultat
Percentile par nombre de réponses
Votre historique - résultats
Vous n’avez pas pris ce quiz depuis la dernière actualisation